MDQL
is popping MORE tags! Check the
thread
!
Quizzes
Events
Quiz Creation
Community
Videos
Private Events
Remove Ads
Sign In
Join for FREE
Feedback
Dark Mode
Quiz Categories
Sports
Geography
Music
Movies
Television
Just For Fun
Miscellaneous
History
Literature
Language
Science
Gaming
Entertainment
Religion
Holiday
For Kids
Quiz Lab
Recent
Popular Today
Quiz Kudos Today
Editor Picks
Curator Picks
Quizzes by...
Day
Popularity
Type
Ratings
Length
Year
Community
Subscriptions
Recent Discussions
Orange Saloon
Badges
Playlists
Quests
Create
Leaderboards
Showdown
Live 5
Trivia Bingo
Activity
Puzzle Library
Sporcle Events
Private Events
Virtual Trivia
Globe League
Become a Host
Pub Owners
SporcleCon
Opinionation
Our Games
Videos
Blog
Mobile Apps
Partnerships
Remove Ads and Go Orange
Feedback
Gaming
Video Games
Board Games
Card Games
Pokémon
Mario
Nintendo
Minecraft
Console
Toys
Legend of Zelda
Gaming
Video Games
Board Games
Card Games
Pokémon
Mario
Nintendo
Minecraft
Console
Toys
Legend of Zelda
Random Quiz
Search Sporcle
×
Quiz Lab
Quiz Lab
Gaming
Xbox
Type in answers that appear in a list
Type in answers that appear in a list
Classic
Best Score? Go Orange.
Top rated Xbox 360 games of all time Stats
Can you name the Top rated Xbox 360 games of all time?
By
vtsmithers33
8m
26 Questions
689 Plays
689 Plays
689 Plays
Comments
Comments
Give Quiz Kudos
Give Quiz Kudos
-
- Ratings
hide this ad
Replay
Link that replays current quiz
Next Quiz
Link to next quiz in quiz playlist
You Got
0%
They Got
Avg Score
16%
Avg Friend Score
Upgrade to see
Score Distribution
Jump to the score distribution portion of the page
Score
0/26
Timer
08:00
0
Plays Today
Rating
% Correct
9.5
Halo 3
82.1%
9.6
Gears of War
53.4%
9.0
Gears of War 2
44.4%
9.0
Call of Duty: Modern Warfare 2
43.1%
9.0
Assassin's Creed
26.6%
9.0
Mass Effect 2
24.4%
9.0
Fallout 3
23.7%
9.5
Red Dead Redemption
21.8%
9.0
Call of Duty 4: Modern Warfare
19%
10.0
Grand Theft Auto IV
17.4%
9.0
Batman
12.3%
9.5
Forza Motorsport 3
9.1%
9.0
Borderlands
8.4%
Rating
% Correct
9.0
Dead Space
8.3%
9.0
Left 4 Dead 2
8%
9.6
The Elder Scrolls IV
7.3%
9.0
Rock Band
7.1%
9.0
Battlefield: Bad Company 2
6.5%
9.0
NHL 09
2.3%
9.0
Burnout Paradise
1.9%
8.9
Guitar Hero II
1.7%
9.0
Street Fighter IV
1.3%
9.2
Ghost Recon Advanced Warfighter
1.2%
9.1
Tom Clancy's Rainbow Six Vegas
0.9%
9.0
FIFA Soccer 10
0.9%
9.0
Civilization Revolution
0.4%
Quiz Playlist
Details
Report
Send in Message
Add To Playlist
Classic:
Type in answers that appear in a list
Last Updated: Aug 17, 2017
Quiz Scoreboard
CHALLENGE
Sign Up to Join the Scoreboard
Show All
Scores
Hide
Comments
May contain spoilers
Recently Published
Holiday 10x10 Sorting Gallery
by lukepisani3
Holiday
15m
Two Season TV Shows II
by 123Four
Television
10m
Image Sorting: Flags VI
by Barbecue
Geography
2m
More to Explore
Quiz From the Vault
Featured Blog Post
14 Easter Pick-up Lines to Find Eggs With
hide this ad
You Might Also Like...
Tags
360
Rated
Rating
Xbox
Xbox 360
Today's Top Quizzes in Gaming
Browse Gaming
hide this ad
Today's Top Quizzes in Xbox
Browse Xbox
Top Contributed Quizzes in Gaming
1
League of Legends Pro Players by Career/Team History
2
Genshin Impact Logic Puzzle
3
Destiny 2 exotic weapons by perk icons
4
Genshin murder mystery
5
4x4 Decades: Video Games
6
Genshin Impact Logic Puzzle Quiz
7
Ultimate Genshin Impact Logic Puzzle (up to 4.3)
8
Dead By Daylight Logic Puzzle
9
Who's on the WWE 2K24 Cover?
10
Overwatch Logic Puzzle
Explore More
Trending Topics
Crossword
NBA
Harry Potter
Marvel
Kpop
Anime
Disney
NFL
Soccer
Country
The Office
Pokémon
Puzzle
Song
WWE
hide this ad
More By:
vtsmithers33
Quiz
Plays
Rating
Category
Featured
Created
Top rated Xbox 360 games of all time
689
1.43
Gaming
Jun 3, 2010
Things in both COD Modern Warfare 1 and 2
662
2.00
Gaming
Jun 4, 2010
Teams with most superbowl appearances
326
2.75
Sports
Jun 8, 2010
Countries with most world cup appearences
304
4.00
Sports
Jun 20, 2010
College Football teams with most bowl wins
225
3.00
Sports
Jun 2, 2010
Go to Creator's Profile
Score Distribution
Quiz Creator Spotlight
vtsmithers33
Follow
Send a Message
Quizzes Created
-
Created Quiz Play Count
-
More By This Creator
Popular Quizzes Today
1
Find the US States - No Outlines Minefield
2
Colored Red Africa Blitz
3
Find the 'City' Movie
4
5x2 Blitz: Bands
5
The Countries of the World
6
Find the Countries of Europe - No Outlines Minefield
7
Find the US States
8
US States
More Gaming Quizzes
Pokémon Parts (Gen I)
Published
Trending Quizzes
Colored Red Europe Blitz I
Colored Red Africa Blitz II
Colored Red Europe Blitz II
Even More Two Season TV Shows
Colored Red Africa Blitz III
Recently Updated
March Madness Men's Triple Doubles
pecheneg
How Do You Spell That?
pecheneg
Godzilla Movies
pecheneg
Grab Bag: 4-10 Letters
pecheneg
2024 March Madness Bracket
pecheneg
Famous TV Couples
Peacemaker
Champions League XIs: Real Madrid
pecheneg
Largest US Cities 1790-2010
pecheneg
Rides in Walt Disney World
pecheneg
Most Oscar Losses (Acting)
pecheneg
Trending Topics
Kpop
Disney
Anime
Harry Potter
Marvel
NBA
Crossword
NFL
Pokémon
Country
WWE
The Office
Song
Puzzle
Soccer
Your Account Isn't Verified!
In order to create a playlist on Sporcle, you need to verify the email address you used during registration. Go to your
Sporcle Settings
to finish the process.
Report this User
Report this user for behavior that violates our
Community Guidelines
.
Details:
Send Report
Go to the Sporcle.com Mobile Site →
Comments